reconnaitre ces voitures anciennes Françaises par l interieur - Statistiques

Statistiques générales
  • Ce quiz a été pris 7 fois
  • Le résultat moyen est 9 sur 16
Statistiques - réponses
Par images Réponse % Correct
Citroen 2CV
83%
Citroen Ami 6
67%
Citroen Ds
67%
Citroen visa
67%
Peugeot 403
67%
Peugeot 404
67%
Renault 4cv
67%
Renault 4l
67%
Renault 5
67%
Peugeot 204
50%
Renault 12
50%
Renault 18
50%
Simca Ariane
50%
Renault Dauphine
33%
Simca 1300
33%
Panhard Pl17
0%
Aucun quiz correspondant
Distribution des résultats
% des personnes avec chaque résultat
Percentile par nombre de réponses
Votre historique - résultats
Vous n’avez pas pris ce quiz